Conventional and Insidious Macroeconomic Balance-Sheet Crises /

This paper describes the anatomy of two types of balance-sheet macroeconomic crises. Conventional balance-sheet crises are triggered by external imbalances and balance sheet vulnerabilities. They typically occur after capital inflows have led to a substantial build up of foreign currency exposure. I...

وصف كامل

التفاصيل البيبلوغرافية
المؤلف الرئيسي: Bakker, Bas
مؤلفون آخرون: Lipschitz, Leslie
التنسيق: دورية
اللغة:English
منشور في: Washington, D.C. : International Monetary Fund, 2014.
سلاسل:IMF Working Papers; Working Paper ; No. 2014/160
الوصول للمادة أونلاين:Full text available on IMF
LEADER 01821cas a2200253 a 4500
001 AALejournalIMF014657
008 230101c9999 xx r poo 0 0eng d
020 |c 5.00 USD 
020 |z 9781498389044 
022 |a 1018-5941 
040 |a BD-DhAAL  |c BD-DhAAL 
100 1 |a Bakker, Bas. 
245 1 0 |a Conventional and Insidious Macroeconomic Balance-Sheet Crises /  |c Bas Bakker, Leslie Lipschitz. 
264 1 |a Washington, D.C. :  |b International Monetary Fund,  |c 2014. 
300 |a 1 online resource (40 pages) 
490 1 |a IMF Working Papers 
500 |a <strong>Off-Campus Access:</strong> No User ID or Password Required 
500 |a <strong>On-Campus Access:</strong> No User ID or Password Required 
506 |a Electronic access restricted to authorized BRAC University faculty, staff and students 
520 3 |a This paper describes the anatomy of two types of balance-sheet macroeconomic crises. Conventional balance-sheet crises are triggered by external imbalances and balance sheet vulnerabilities. They typically occur after capital inflows have led to a substantial build up of foreign currency exposure. Insidious crises are triggered by internal imbalances and balance sheet vulnerabilities. They occur in high-growth economies when an initially equilibrating shift in relative prices and resources and credit in favor of the nontraded sector overshoots equilibrium. The paper argues that policymakers are now better able to forestall conventional crises, but they are much less capable of early detection and avoidance of insidious crises. 
538 |a Mode of access: Internet 
700 1 |a Lipschitz, Leslie. 
830 0 |a IMF Working Papers; Working Paper ;  |v No. 2014/160 
856 4 0 |z Full text available on IMF  |u http://elibrary.imf.org/view/journals/001/2014/160/001.2014.issue-160-en.xml  |z IMF e-Library